Quizzes
Events
Quiz Creation
Community
Videos
Private Events
Remove Ads
Sign In
Join for FREE
Feedback
Dark Mode
Quiz Categories
Sports
Geography
Music
Movies
Television
Just For Fun
Miscellaneous
History
Literature
Language
Science
Gaming
Entertainment
Religion
Holiday
For Kids
Quiz Lab
Recent
Popular Today
Quiz Kudos Today
Editor Picks
Curator Picks
Quizzes by...
Day
Popularity
Type
Ratings
Length
Year
Community
Subscriptions
Recent Discussions
Orange Saloon
Badges
Playlists
Quests
Create
Leaderboards
Showdown
Live 5
Trivia Bingo
Activity
Puzzle Library
Sporcle Events
Private Events
Virtual Trivia
Globe League
Become a Host
Pub Owners
SporcleCon
Opinionation
Our Games
Videos
Blog
Mobile Apps
Partnerships
Remove Ads and Go Orange
Feedback
Music
Pop Music
The Beatles
Song
Album
Lyrics
Bands
Singers
Artist
Clip
Rock
Rap
Classical
Billboard
Country Music
Kpop
Taylor Swift
Music
Pop Music
The Beatles
Song
Album
Lyrics
Bands
Singers
Artist
Clip
Rock
Rap
Classical
Billboard
Country Music
Kpop
Taylor Swift
Random Quiz
Search Sporcle
×
Quiz Lab
Quiz Lab
Music
Rock
Type in answers that appear in a list
Type in answers that appear in a list
Classic
Best Score? Go Orange.
Rockers UK Hits Stats
Can you name the highest charting single on the Official Chart Co. UK Top 40 for each of these classic rock artists?
By
Kendalman
12m
30 Questions
114 Plays
114 Plays
114 Plays
Comments
Comments
Give Quiz Kudos
Give Quiz Kudos
-
- Ratings
hide this ad
More Info
Replay
Link that replays current quiz
Next Quiz
Link to next quiz in quiz playlist
You Got
0%
They Got
Avg Score
41%
Avg Friend Score
Upgrade to see
Score Distribution
Jump to the score distribution portion of the page
Score
0/30
Timer
12:00
0
Plays Today
Artist
Song
% Correct
Pink Floyd
Another Brick in the Wall (Part 2)
91.2%
The Who
My Generation; I'm a Boy
76.3%
Oasis
Some Might Say; Don't Look Back In Anger; D'You Know What I Mean........
74.6%
Alice Cooper
School's Out
74.6%
Black Sabbeth
Paranoid
71.1%
The Kinks
You Really Got Me; Tired of Waiting For You; Sunny Afternoon
70.2%
Van Halen
Jump
68.4%
Lynyrd Skynyrd
Sweet Home Alabama; Double Trouble; Free Bird
67.5%
Led Zeppelin
Whole Lotta Love
64.9%
Boston
More Than A Feeling
61.4%
Metallica
Enter Sandman; Until it Sleeps
56.1%
Poison
Every Rose Has its Thorn; Your Mama Don't Dance
45.6%
Kiss
Crazy Crazy Nights; God Gave Rock and Roll to You II
41.2%
Neil Young
Heart of Gold
41.2%
Bachman-
Turner Overdrive
You Ain't Seen Nothing Yet
41.2%
Artist
Song
% Correct
Aerosmith
I Don't Want to Miss a Thing
37.7%
Nirvana
Heart-Shaped Box
31.6%
Jimi Hendrix Experience
Voodoo Child
30.7%
Deep Purple
Black Night
29.8%
The Guess Who
American Woman
29.8%
ZZ top
Gimme All Your Lovin'; Viva Las Vegas
29.8%
Guns 'n' Roses
Knockin' On Heavens Door
21.1%
Rush
The Spirit of Radio
20.2%
AC/
DC
Heatseeker
18.4%
Pearl Jam
Spin The Black Circle
10.5%
Yes
Wondrous Stories
9.6%
Bob Seger and the Silver Bullet Band
We've Got Tonight
9.6%
Ozzy Osbourne
Dreamer; Gets Me Through
7.9%
Tom Petty & the Heartbreakers
Too Good to be True
3.5%
Van Morrison
Precious Time
2.6%
Quiz Playlist
Details
Report
Send in Message
Add To Playlist
More Info:
Chart Peak is for the artist name shown, collaborations or releases under different names are excluded.
Classic:
Type in answers that appear in a list
Last Updated: Feb 16, 2017
Quiz Scoreboard
CHALLENGE
Sign Up to Join the Scoreboard
Show All
Scores
Hide
Comments
May contain spoilers
Recently Published
Pick 6: Fruits
by JohnFran
Miscellaneous
15s
Click the 1999 NBA Draft
by nibperrychub
Sports
2m
Alphabetical 'K' Countries by Flag Minefield
by ylime102
Geography
3m
More to Explore
Quiz From the Vault
Featured Blog Post
15 Basketball Trivia Facts You Can Be March Mad About
hide this ad
You Might Also Like...
Tags
Rock Quiz
Chart Hits
Rock Charts
UK Singles
Today's Top Quizzes in Music
Browse Music
hide this ad
Today's Top Quizzes in Rock
Browse Rock
Top Contributed Quizzes in Music
1
Taylor Swift All Songs (2024)
2
A Taylor Swift Logic Puzzle
3
KPOP LOGIC QUIZ
4
Taylor Swift Logic Puzzle
5
NCT 2020 Logic Puzzle
6
Guess the Taylor Swift song (Mystery Song)
7
Joni Mitchell—'Car on a Hill' Lyrics
8
Guess The Taylor Swift Lyrics Song #1
9
Lana Del Rey songs - match the song with the album
10
kpop group name match up
Explore More
Trending Topics
Kpop
Marvel
NBA
Anime
Disney
Harry Potter
Crossword
Country
Puzzle
The Office
Song
NFL
Pokémon
Soccer
WWE
hide this ad
More By:
Kendalman
Quiz
Plays
Rating
Category
Featured
Created
UK Football Clubs that have played in Europe
1,512
5.00
Sports
Mar 9, 2018
UK Football European Finalists
663
5.00
Sports
Apr 23, 2018
Common Words in Lakeland Mountains
345
4.40
Geography
Jun 24, 2013
World Cup Capitals 2014
279
5.00
Geography
Dec 6, 2013
European Cup and EPL Manager
228
2.25
Sports
Nov 6, 2013
Go to Creator's Profile
Score Distribution
Quiz Creator Spotlight
Kendalman
Follow
Send a Message
Quizzes Created
-
Created Quiz Play Count
-
More By This Creator
Popular Quizzes Today
1
Find the US States - No Outlines Minefield
2
Countries of Asia Without Outlines Minefield
3
Pick 6: Fruits
4
The Countries of the World
5
Alphabetical 'K' Countries by Flag Minefield
6
Find the US States
7
Match the Book to the Film X
8
Click the 1999 NBA Draft
More Music Quizzes
Madonna #1 Singles
Published
Trending Quizzes
Pick 6: Harry Potter
Pick 6: Mountains
Pick 6: NFL Teams
Pick 6: Movie Franchises
Pick 6: Golfers
Recently Updated
Women's Final Four Teams by Year
bhenderson79
Presidents Quartet II
eogle
Anything But Clue(do)
eogle
Anything But Oceanian Capitals
eogle
Anything But 7
eogle
Anything But Thing
eogle
Word Ladder: February 29
pecheneg
Song Title Questions
pecheneg
Women's NCAA Tournament #1 Seeds
pecheneg
Celebrity Mug Shots
pecheneg
Trending Topics
Marvel
Disney
Harry Potter
Crossword
Anime
Kpop
NBA
NFL
WWE
Soccer
Pokémon
Country
Song
Puzzle
The Office
Your Account Isn't Verified!
In order to create a playlist on Sporcle, you need to verify the email address you used during registration. Go to your
Sporcle Settings
to finish the process.
Report this User
Report this user for behavior that violates our
Community Guidelines
.
Details:
Send Report
Go to the Sporcle.com Mobile Site →
Comments